| 000 | 00558nam a2200145Ia 4500 | ||
|---|---|---|---|
| 008 | 220615s9999||||xx |||||||||||||| ||und|| | ||
| 020 | _a9782890000000 | ||
| 022 | _a16648714 | ||
| 245 | 0 | _aSeed Dormancy, Germination and Pre-Harvest Sprouting | |
| 546 | _aEnglish[eng] | ||
| 650 | _aDormancy||Pre-harvest sprouting||Omics||Genes||Genetic engineering||Cereal Crops | ||
| 700 | _aLi, Chengdao||Nonogaki, Hiro||Barrero, Â Jose | ||
| 856 | _uhttps://www.frontiersin.org/research-topics/5562/seed-dormancy-germination-and-pre-harvest-sprouting | ||
| 942 | _cEB | ||
| 999 |
_c13625 _d13625 |
||